|
|
|
|
| LEADER |
00000nab a2200000 ar4500 |
| 001 |
vtls009408587 |
| 003 |
SK-MaSNL |
| 005 |
20260319070853.0 |
| 008 |
081120c20081105xo |||||||| 000 b|hun |
| 015 |
|
|
|a SNBRB2008/11
|2 snkbucl
|
| 038 |
|
|
|a SNKBUCL
|
| 040 |
|
|
|a DSZK
|b slo
|c DSZK
|e AACR2
|
| 041 |
0 |
|
|a hun
|
| 044 |
|
|
|a xo
|c SK
|
| 080 |
|
|
|a 373.24
|x (=511.141)
|x (437.6)
|2 1997
|
| 100 |
1 |
|
|a Kozsár, Zsuzsanna,
|d 1970-
|4 aut
|9 102319
|
| 245 |
1 |
0 |
|a Ötvenöt éves a kassai magyar óvoda
|b kezdetben 38 gyerek járt ide, mára megduplázódott a létszám ...
|c Kozsár Zsuzsanna
|
| 300 |
|
|
|b Fotogr.
|
| 610 |
2 |
7 |
|a Materská škola s výchovným jazykom maďarským (Košice, Slovensko)
|2 snkbucl
|9 864159
|
| 648 |
|
7 |
|a 2008
|2 snkbucl
|9 317238
|
| 650 |
0 |
7 |
|a 55. výročie
|2 snkbucl
|9 1036117
|
| 773 |
0 |
|
|t Új szó
|g Évf. 61, sz. 256 (5.11.2008), o. 32
|x 1335-7050
|
| 773 |
0 |
8 |
|i Mell.:
|t Szülőföldünk
|g Évf. 5, sz. 45 (2008)
|
| 852 |
|
|
|a SNK
|b KIS3GCP
|
| 852 |
|
|
|a DSZK
|b KIS3GCP
|
| 957 |
|
|
|a Košice (Slovensko)
|
| 958 |
|
|
|a HU
|
| 958 |
|
|
|a SK
|
| 999 |
|
|
|c 1725632
|d 1727562
|